000 00626nam a2200265Ia 4500
005 20260306163451.0
008 008 260114s9999 xx 000 0 eng d
020 _a9781474444712
037 _aEBOOK
040 _aCRL
040 _beng
040 _cCRL
041 _2eng
041 _aeng
084 _qCRL
100 _aThomson
245 0 _aShort Films From A Small Nation
260 _bEdinburgh Scholarship Online
260 _c2018
650 _aJournalism & Mass Communication
856 _uhttps://academic.oup.com/book/18223
942 _cEBOOK
999 _c1710220
_d1710220